Online katalóg knižníc regiónu Turca

Oslíkov pochmúrny deň / (Record no. 21460)

MARC details
000 -LEADER
fixed length control field 01449nam a2200421 a 4500
001 - CONTROL NUMBER
control field 21460
003 - CONTROL NUMBER IDENTIFIER
control field CZ PrNK
005 - DATE AND TIME OF LATEST TRANSACTION
control field 20260302125506.0
007 - PHYSICAL DESCRIPTION FIXED FIELD--GENERAL INFORMATION
fixed length control field ta
008 - FIXED-LENGTH DATA ELEMENTS--GENERAL INFORMATION
fixed length control field 130121s2012 xr a a 000 j slo
015 ## - NATIONAL BIBLIOGRAPHY NUMBER
National bibliography number cnb002437434
020 ## - INTERNATIONAL STANDARD BOOK NUMBER
International Standard Book Number 9788025222782
Qualifying information (váz.)
Canceled/invalid ISBN 978-802522278-2
035 ## - SYSTEM CONTROL NUMBER
System control number (OCoLC)829662317
040 ## - CATALOGING SOURCE
Original cataloging agency BOA001
Language of cataloging cze
041 1# - LANGUAGE CODE
Language code of text/sound track or separate title slo
Language code of original eng
072 #7 - SUBJECT CATEGORY CODE
Subject category code 821-93
Subject category code subdivision Literatura pro děti a mládež (beletrie)
Source Konspekt
080 ## - UNIVERSAL DECIMAL CLASSIFICATION NUMBER
Universal Decimal Classification number 821-32
Edition identifier MRF
080 ## - UNIVERSAL DECIMAL CLASSIFICATION NUMBER
Universal Decimal Classification number 821-93
Edition identifier MRF
080 ## - UNIVERSAL DECIMAL CLASSIFICATION NUMBER
Universal Decimal Classification number (0:82-32)
Edition identifier MRF
100 1# - MAIN ENTRY--PERSONAL NAME
Personal name Feldman, Thea
Relationship aut
245 10 - TITLE STATEMENT
Title Oslíkov pochmúrny deň /
Statement of responsibility, etc. napísala Thea Feldman ; ilustrácie Disney Storybook Artists
250 ## - EDITION STATEMENT
Edition statement 1. vyd.
260 ## - PUBLICATION, DISTRIBUTION, ETC.
Place of publication, distribution, etc. V Prahe :
Name of publisher, distributor, etc. Egmont,
Date of publication, distribution, etc. 2012
300 ## - PHYSICAL DESCRIPTION
Extent 31 s. :
Other physical details barev. il. ;
Dimensions 30 cm
490 1# - SERIES STATEMENT
Series statement Disney. Príbehy o priateľstve s Mackom Puf
500 ## - GENERAL NOTE
General note Přeloženo z angličtiny
500 ## - GENERAL NOTE
General note Zpracováno podle knih A.A. Milneho a E.H. Sheparda Winnie the Pooh
655 #7 - INDEX TERM--GENRE/FORM
Genre/form data or focus term příběhy
Source of term czenas
655 #7 - INDEX TERM--GENRE/FORM
Genre/form data or focus term publikace pro děti
Source of term czenas
655 #9 - INDEX TERM--GENRE/FORM
Genre/form data or focus term stories
Source of term eczenas
655 #9 - INDEX TERM--GENRE/FORM
Genre/form data or focus term children's literature
Source of term eczenas
710 2# - ADDED ENTRY--CORPORATE NAME
Corporate name or jurisdiction name as entry element Disney Storybook Artists
765 0# - ORIGINAL LANGUAGE ENTRY
Title Eeyore's gloomy day
830 #0 - SERIES ADDED ENTRY--UNIFORM TITLE
Uniform title Disney.
Name of part/section of a work Príbehy o priateľstve s Mackom Puf
901 ## - LOCAL DATA ELEMENT A, LDA (RLIN)
a ISBN 978-802522278-2
b 9788025222782
f 1. vyd.
g Chybné ISBN uvedeno na zadní straně desky v čárovém kódu
o 20130205
910 ## - USER-OPTION DATA (OCLC)
User-option data ABA001
942 ## - ADDED ENTRY ELEMENTS (KOHA)
Source of classification or shelving scheme Dewey Decimal Classification
Koha item type Krásna literatúra pre deti
Suppress in OPAC No
Holdings
Stav vyradenia Strata Poškodenie Spôsob nadobudnutia Domovská knižnica Aktuálna knižnica Dátum nadobudnutia Total checkouts Čiarový kód exemplára Date last seen Typ exemplára
      Dar Obecná knižnica Turčianska Štiavnička Obecná knižnica Turčianska Štiavnička 02.03.2026   4738000158 02.03.2026 Krásna literatúra pre deti
Projekt je podporený Slovenskou asociáciou knižníc
Prevádzkuje Turčianska knižnica Martin 2026